Inequality in practice: An analysis of the inheritance rights foregone by widows in Kenya upon remarriage/ (Record no. 4001)

000 -LEADER
fixed length control field 00447nam a22001457a 4500
003 - CONTROL NUMBER IDENTIFIER
control field OSt
005 - DATE AND TIME OF LATEST TRANSACTION
control field 20180618163050.0
008 - FIXED-LENGTH DATA ELEMENTS--GENERAL INFORMATION
fixed length control field 180618b xxu||||| |||| 00| 0 eng d
050 ## - LIBRARY OF CONGRESS CALL NUMBER
Classification number RUSC HQ560.K35 2018
100 ## - MAIN ENTRY--PERSONAL NAME
Personal name Kala, M. Grace
245 ## - TITLE STATEMENT
Title Inequality in practice: An analysis of the inheritance rights foregone by widows in Kenya upon remarriage/
Statement of responsibility, etc Grace Mukonyo Kala
260 ## - PUBLICATION, DISTRIBUTION, ETC. (IMPRINT)
Place of publication, distribution, etc Nairobi
Date of publication, distribution, etc 2018
300 ## - PHYSICAL DESCRIPTION
Extent 68p:
Dimensions 24cm
942 ## - ADDED ENTRY ELEMENTS (KOHA)
Source of classification or shelving scheme
Koha item type Research Project
Holdings
Withdrawn status Lost status Source of classification or shelving scheme Damaged status Not for loan Home library Current library Shelving location Date acquired Total Checkouts Full call number Barcode Date last seen Price effective from Koha item type
          Riara University Library Riara University Library Special Collection 18/06/2018   RUSC HQ560.K35 2018 10033/18 18/06/2018 18/06/2018 Research Project

Riara University Library,
P.O. Box 49940-00100,
Nairobi, Kenya.